000
00293nam a22001097a 4500
008
260416b |||||||| |||| 00| 0 eng d
100
_a
NHAMPOSSE, Alice
245
_a
Desafios Comunicação no Seculo XXI
260
_a
Nampula
_b
Década das palavras
_c
2018
300
_a
270p
942
_2
udc
_c
BK
999
_c
56114
_d
56113